书目信息 |
| 题名: |
菊与刀
|
|
| 作者: | 本尼迪克特 著 ;一兵 译 | |
| 分册: | ||
| 出版信息: | 武汉 武汉出版社 2009.06 |
|
| 页数: | 188页, [1] 叶图版 | |
| 开本: | 24cm | |
| 丛书名: | ||
| 单 册: | ||
| 中图分类: | G131.32 , C955.313 | |
| 科图分类: | ||
| 主题词: | 文化--wen hua--研究--日本 , 民族心理--min zu xin li--研究--日本 | |
| 电子资源: | ||
| ISBN: | 978-7-5430-4262-9 | |
| 000 | 00953nam0 2200265 450 | |
| 001 | 012010542613 | |
| 005 | 20100604145727.40 | |
| 010 | @a978-7-5430-4262-9@dCNY21.80 | |
| 100 | @a20100601d2009 em y0chiy0120 ea | |
| 101 | 1 | @achi@ceng |
| 102 | @aCN@b420000 | |
| 105 | @aaf z 000yy | |
| 106 | @ar | |
| 200 | 1 | @a菊与刀@Aju yu dao@f(美) 鲁思·本尼迪克特著@F(mei)lu si·ben ni di ke te zhu@g一兵译@Gyi bing yi |
| 210 | @a武汉@c武汉出版社@d2009.06 | |
| 215 | @a188页, [1] 叶图版@c图 (部分彩图)@d24cm | |
| 330 | @a本书讲述了日本人性格和日本文化。内容包括:战争中的日本人、明治维新、历史和社会的负恩者、情义难当、洗刷污名、人情世界等。 | |
| 606 | 0 | @a文化@Awen hua@x研究@y日本 |
| 606 | 0 | @a民族心理@Amin zu xin li@x研究@y日本 |
| 690 | @aG131.32@v4 | |
| 690 | @aC955.313@v4 | |
| 701 | 1 | @a本尼迪克特@Aben ni di ke te@g(Benedict, Ruth)@4著 |
| 702 | 0 | @a一兵@Ayi bing@4译 |
| 801 | 0 | @aCN@bQSSK@c20100604 |
| 905 | @b780872-74@dG131.32@eB714@f3 | |
| 菊与刀/(美) 鲁思·本尼迪克特著/一兵译.-武汉:武汉出版社,2009.06 |
| 188页, [1] 叶图版:图 (部分彩图);24cm |
| ISBN 978-7-5430-4262-9:CNY21.80 |
| 本书讲述了日本人性格和日本文化。内容包括:战争中的日本人、明治维新、历史和社会的负恩者、情义难当、洗刷污名、人情世界等。 |
| ● |
| 相关链接 |
|
|
|
正题名:菊与刀
索取号:G131.32/B714
 
预约/预借
| 序号 | 登录号 | 条形码 | 馆藏地/架位号 | 状态 | 备注 |
| 1 | 780872 | 207808728 | 社科库409/409社科库 56排5列2层/ [索取号:G131.32/B714] | 在馆 | |
| 2 | 780873 | 207808737 | 社科二线422/422社科库 17排1列1层/ [索取号:G131.32/B714] | 在馆 | |
| 3 | 780874 | 207808746 | 社科二线422/422社科库 17排1列3层/ [索取号:G131.32/B714] | 在馆 |